Escola Universitària de Biblioteconomia i Documentació
Descripción Física:
1 tríptic : il. ; 22 cm
MARC
| LEADER | 00000nam a2200000Ia 4500 | ||
|---|---|---|---|
| 001 | 19361 | ||
| 008 | 160829s1984 xx 000 0 cat d | ||
| 080 | |a FU-4-26 | ||
| 110 | 2 | |a Escola Universitària Jordi Rubió i Balaguer de Biblioteconomia i Documentació |9 54300 | |
| 245 | |a Escola Universitària de Biblioteconomia i Documentació | ||
| 260 | |a Barcelona : |b Diputació de Barcelona. Servei d'Ensenyament, |c 1984 | ||
| 300 | |a 1 tríptic : |b il. ; |c 22 cm | ||
| 650 | |a Escola Universitària de Biblioteconomia i Documentació |x Història |9 46075 | ||
| 710 | 1 | |a Barcelona (Catalunya : Província). |b Servei d'Ensenyament |9 54959 | |
| 901 | |a Arxiu | ||
| 942 | |n 1 | ||
| 952 | |0 0 |1 0 |4 0 |6 FU426 |7 1 |9 52971 |a Arxiu |b Arxiu |d 2016-12-01 |l 0 |o FU-4-26 |p 19361 |r 2016-12-01 00:00:00 |w 2016-12-01 |y ARXIU | ||
| 999 | |c 56820 |d 56820 | ||